00549nam a2200181 a 45000010010000000030011000100080041000210350026000620820014000881000023001022450043001252600040001686500021002089420012002299520091002419980020003329990015003520000-8730ELIB.Books110520 2004  a(ELIB.Books)0000-8876 a241 bSch aSchweiker, William aTheological Ethics and Global Dynamics bOxford: Blackwell Publishing c2004 aChristian Ethics 2ddccBK 00102ddc4070aKBTSbKBTSd2011-05-20l0p10821r2022-01-22 00:00:00w2022-01-22yBK cbate2011-05-20 c8730d8730